Advanced information technology (Record no. 83708)
[ view plain ]
| 000 -LEADER | |
|---|---|
| fixed length control field | 00635nam a2200145 a 4500 |
| 008 - FIXED-LENGTH DATA ELEMENTS--GENERAL INFORMATION | |
| fixed length control field | 120416s1997 ||||||||||||||||| || u |
| 020 ## - INTERNATIONAL STANDARD BOOK NUMBER | |
| International Standard Book Number | 0435452592 |
| 050 ## - LIBRARY OF CONGRESS CALL NUMBER | |
| Classification number | HC 79.I55 Wat |
| 100 ## - MAIN ENTRY--PERSONAL NAME | |
| Personal name | Watterville, de Alastair |
| 245 10 - TITLE STATEMENT | |
| Title | Advanced information technology |
| 260 ## - PUBLICATION, DISTRIBUTION, ETC. | |
| Place of publication, distribution, etc. | Oxford |
| Name of publisher, distributor, etc. | Heinemann |
| Date of publication, distribution, etc. | 1997 |
| 350 ## - | |
| -- | 0.00 |
| 995 ## - | |
| -- | MAIN LIBRARY OPEN ACCESS |
| -- | 0.00 |
| -- | 45145 |
| -- | CBU-MAIN LIBRARY (Kitwe) |
| -- | 2 |
| -- | 17.99 |
| -- | HC 79.I55 Wat |
| -- | AVAILABLE |
| -- | 45145 |
| -- | Main Library Open Access Collection |
| 995 ## - | |
| -- | MAIN LIBRARY OPEN ACCESS |
| -- | 0.00 |
| -- | 45146 |
| -- | CBU-MAIN LIBRARY (Kitwe) |
| -- | 1 |
| -- | 17.99 |
| -- | HC 79.I55 Wat |
| -- | AVAILABLE |
| -- | 45146 |
| -- | Main Library Open Access Collection |
| 999 ## - | |
| -- | 83708 |
| -- | 83708 |
| Withdrawn status | Lost status | Source of classification or shelving scheme | Damaged status | Not for loan | Permanent Location | Current Location | Shelving location | Date acquired | Total Checkouts | Full call number | Barcode | Date last seen | Copy number | Price effective from | Koha item type |
|---|---|---|---|---|---|---|---|---|---|---|---|---|---|---|---|
| CBU-MAIN LIBRARY, KITWE. | CBU-MAIN LIBRARY, KITWE. | 01/08/2024 | HC 79.I55 Wat | 45145 | 01/08/2024 | 1 | 01/08/2024 | MONOGRAPH | |||||||
| CBU-MAIN LIBRARY, KITWE. | CBU-MAIN LIBRARY, KITWE. | 01/08/2024 | HC 79.I55 Wat | 45146 | 01/08/2024 | 2 | 01/08/2024 | MONOGRAPH |